00899nam a2200241Ia 4500003000400000005001700004008004100021020001800062040001800080041000800098082002100106100003000127245013900157250001200296260002000308300003200328650002700360650005300387650004300440942003000483999001900513952012500532OSt20260328105149.0210716s2012 xx 000 0 und d a9789351060642 cAIMIT LIBRARY aeng a374.22 21bHAMP aHammerness, Paul.9259703 aOrganize your mind organize your life : btrain your brain to get more done in less time /cBy Paul Hammerness, MD and Margaret Moore. a1st ed. aCanada :c2012. axxviii,240p. ;bPBc20.1 cm aRules of order9259704 aStaying on top of a fast- changing world9259705 aThe rules of order At-A-Glance9259706 2ddccBKe1stk374.22 HAMP c208732d208732 001040708MBAaAIMITbAIMITd2014-10-28g225.00l0o374.22 HAMPpMBA11298r2026-05-23 00:00:00v168.75w2021-07-16yBK